000 01323nam a22003017a 4500
003 OSt
005 20240306054040.0
008 240306b ||||| |||| 00| 0 eng d
040 _bEnglish.
_cCvSU-CCAT Campus Library.
_erda.
050 _aUM LC 5800
_bA54 2022
100 _aAmeida, John Paulo J., author.
_99079
245 _aVirtual learning : the assessment of virtual education on Hospitality Management students of Cavite State University-CCAT Campus /
_cJohn Paulo J. Ameida and Jhamaica A. De Torres.
260 _aRosario, Cavite :
_bCavite State University-CCAT Campus,
_c2022.
300 _ax, 60 leaves :
_billustrations ;
_c28 cm
500 _aUndergraduate Thesis (BSHRM)--Cavite State University-CCAT Campus, 2022.
504 _aIncludes bibliographical references and appendices.
520 _aThesis Abstract:
546 _aIn English text.
650 _aDistance education.
_9608
650 _aInstructional systems.
_99080
650 _aHospitality management.
_99081
650 _aHospitality education.
_99082
700 _aDe Torres, Jhamaica A., author.
_99083
700 _aArabit, Michelle Alexandra Arellano, adviser.
_99084
700 _aDela Rea, Kirk T., technical critic.
_98999
942 _2lcc
_cT/M/D
_hLC 5800 A54 2022
_kUM
999 _c2736
_d2736